• 首页
  • 本馆介绍
  • 公告通知
  • 最新文献
  • 馆藏检索
  • 电子资源
  • 读者导购
  • 参考咨询
  • 我的图书馆
  • 登录
  • 详细信息显示
  • 放入我的书架
  • 预约/预借图书
  • 作者相关作品
  • 分类相关作品
  • 丛书相关作品
  • 出版社相关作品

书目信息

  • 表格格式
  • 工作单格式
  • 卡片格式
题名:
文学编辑体验
    
 
作者: 胡德培 著
分册:  
出版信息: 北京   首都师范大学出版社  2010
页数: 13,252页
开本: 24cm
丛书名: 书林守望丛书
单 册:
中图分类: G232-53
科图分类:
主题词: 编辑工作--文集
电子资源:
ISBN: 978-7-81119-537-8
000 00865oam2 2200253 450
001 3596
005 20180527170613.71
010    @a978-7-81119-537-8@dCNY38.00
100    @a20110402d2010 em y0chiy50 ea
101 0  @achi
102    @aCN@b110000
105    @aa z 000yy
200 1  @a文学编辑体验@9wen xue bian ji ti yan@f胡德培著
210    @a北京@c首都师范大学出版社@d2010
215    @a13,252页@c图@d24cm
225 0  @a书林守望丛书@h第二辑@v9
300    @a韬奋基金会资金资助 “十一五”国家重点图书出版规划项目
330    @a本书收录了《首先当好责任编辑》、《浅议编辑人员的培训》、《文学编辑的特殊素质》、《文学史料编辑的容忍与公正》、《文艺编辑的时代使命》等文章。
461  0 @12001 @a书林守望丛书
606 0  @a编辑工作@j文集
690    @aG232-53@v4
701  0 @a胡德培@9hu de pei@4著
801  0 @aCN@b91MARC@c20130904
905    @aMuseLib@dG232-53@e88
    
    文学编辑体验/胡德培著.-北京:首都师范大学出版社,2010
    13,252页:图;24cm.-(书林守望丛书.第二辑;9)
    韬奋基金会资金资助 “十一五”国家重点图书出版规划项目
    
    ISBN 978-7-81119-537-8:CNY38.00
    本书收录了《首先当好责任编辑》、《浅议编辑人员的培训》、《文学编辑的特殊素质》、《文学史料编辑的容忍与公正》、《文艺编辑的时代使命》等文章。
●
相关链接 在E读中查询图书 在五车中查询图书 在当当中查询图书 在豆瓣中查询图书


正题名:文学编辑体验     索取号:G232-53/88         预约/预借

序号 登录号 条形码 馆藏地/架位号 状态 备注
1 1109836   211098364   第一样本阅览室/ [索取号:G232-53/88] 在馆    
2 1109837   211098373   教育系资料室/ [索取号:G232-53/88] 在馆    
3 1109838   211098382   教育系资料室/ [索取号:G232-53/88] 在馆    
4 1109839   211098391   第四借阅区/ [索取号:G232-53/88] 在馆    
唐山师范学院图书馆 欢迎您!
大连网信软件有限公司© 版权所有